Az iskolai zaklatás jellemzőI a Boldogságóra programban résztvevő osztályokban

Elmentve itt :
Bibliográfiai részletek
Szerző: Nagy Erzsébet
További közreműködők: Bárányné Jámbori Szilvia (Témavezető)
Dokumentumtípus: Szakdolgozat
Megjelent: 2019
Kulcsszavak:iskolai zaklatás
osztálylégkör
társas támogatás
problémakerülés
pozitív pszichológia
boldogságóra
Tárgyszavak:
Online Access:http://diploma.bibl.u-szeged.hu/87392
LEADER 00970nta a2200253 i 4500
001 dipl87392
005 20200611120646.0
008 200611s2019 hu om 0|| zxx d
040 |a SZTE Diploma Repozitórium  |b hun 
041 |a zxx 
100 1 |a Nagy Erzsébet 
245 1 3 |a Az iskolai zaklatás jellemzőI a Boldogságóra programban résztvevő osztályokban  |h [elektronikus dokumentum] /  |c Erzsébet Nagy 
246 1 0 |a The characteristics of school bullying in classes participating in the happiness courses project  |h [elektronikus dokumentum] 
260 |c 2019 
650 4 |a Társadalomtudomány 
650 4 |a Psychology 
695 |a iskolai zaklatás 
695 |a osztálylégkör 
695 |a társas támogatás 
695 |a problémakerülés 
695 |a pozitív pszichológia 
695 |a boldogságóra 
700 2 |a Bárányné Jámbori Szilvia  |e ths 
856 4 0 |u http://diploma.bibl.u-szeged.hu/id/eprint/87392/1/2019_nagy_erzsebet.pdf  |z Dokumentum-elérés